[Event "HUN-chT2 Erkel 0607"]
[Site "Hungary"]
[Date "2007.02.18"]
[Round "5"]
[White "Gergely, Mate"]
[Black "Gazsovics, Bela"]
[Result "1-0"]
[WhiteElo "1978"]
[BlackElo "1778"]
[PlyCount "65"]
[EventDate "2006.11.12"]
[EventType "team"]
[EventRounds "11"]
[EventCountry "HUN"]
[SourceTitle "EXT 2008"]
[Source "ChessBase"]
[SourceDate "2007.11.25"]
[SourceVersion "1"]
[SourceVersionDate "2007.11.25"]
[SourceQuality "1"]
[WhiteTeam "Heesi II"]
[BlackTeam "Keviterv"]
[WhiteTeamCountry "HUN"]
[BlackTeamCountry "HUN"]

1. d4 d5 2. c4 c6 3. e3 Bf5 4. Nc3 Nf6 5. Bd3 Bxd3 6. Qxd3 e6 7. Nf3 g6 8. 0-0 Bg7 9. a3 a5 10. c5 0-0 11. b3 Na6 12. Na4 Nd7 13. Bd2 Nc7 14. Bc3 Nb5 15. Bb2 Qc7 16. Rac1 Rfc8 17. Rc2 b6 18. Rfc1 Qb7 19. cxb6 Nxb6 20. Nc5 Qc7 21. Nxe6 Qd6 22. Nxg7 Kxg7 23. Ne5 Nxa3 24. Rxc6 Rxc6 25. Rxc6 Qb4 26. Bxa3 Qxa3 27. Rxb6 Rc8 28. h3 Qc1+ 29. Qf1 Qb2 30. Rc6 Rxc6 31. Nxc6 Qxb3 32. Nxa5 Qb6 33. Qa1 1-0

[Event "HUN-chT2 Erkel 0607"]
[Site "Hungary"]
[Date "2006.11.26"]
[Round "2"]
[White "Gergely, Mate"]
[Black "Fridvalszki, Richard"]
[Result "0-1"]
[WhiteElo "1978"]
[BlackElo "2048"]
[PlyCount "52"]
[EventDate "2006.11.12"]
[EventType "team"]
[EventRounds "11"]
[EventCountry "HUN"]
[SourceTitle "EXT 2008"]
[Source "ChessBase"]
[SourceDate "2007.11.25"]
[SourceVersion "1"]
[SourceVersionDate "2007.11.25"]
[SourceQuality "1"]
[WhiteTeam "Heesi II"]
[BlackTeam "Szekuritas"]
[WhiteTeamCountry "HUN"]
[BlackTeamCountry "HUN"]

1. d4 Nf6 2. c4 g6 3. Nc3 d5 4. Nf3 Bg7 5. cxd5 Nxd5 6. e4 Nxc3 7. bxc3 c5 8. Bb2 0-0 9. g3 Bg4 10. Bg2 Nc6 11. Qa4 Bxf3 12. Bxf3 cxd4 13. cxd4 Qb6 14. Qb3 Qxb3 15. axb3 Bxd4 16. Rb1 Rac8 17. 0-0 e5 18. Rfd1 Bxb2 19. Rxb2 Nd4 20. Bg2 Rc3 21. b4 a6 22. f4 f6 23. Kf1 Rfc8 24. Rdd2 Rc2 25. Ke1 Kf7 26. Kd1 Rc1# 0-1

[Event "HUN-chT2 Breyer 0506"]
[Site "Hungary"]
[Date "2006.03.19"]
[Round "9"]
[White "Kovacs, David"]
[Black "Gergely, Mate"]
[Result "1-0"]
[WhiteElo "2088"]
[BlackElo "1951"]
[PlyCount "107"]
[EventDate "2005.10.16"]
[EventType "team"]
[EventRounds "11"]
[EventCountry "HUN"]
[SourceTitle "EXT 2009"]
[Source "ChessBase"]
[SourceDate "2008.11.26"]
[SourceVersion "1"]
[SourceVersionDate "2008.11.26"]
[SourceQuality "1"]
[WhiteTeam "Geniusz Tata"]
[BlackTeam "Husi II"]
[WhiteTeamCountry "HUN"]
[BlackTeamCountry "HUN"]

1. e4 c5 2. Nf3 e6 3. d4 cxd4 4. Nxd4 a6 5. Bd3 Nc6 6. Nxc6 dxc6 7. Nd2 Nf6 8. e5 Nd5 9. 0-0 b5 10. Qf3 Bb7 11. c4 Nb6 12. cxb5 axb5 13. Bxb5 Qd5 14. Qxd5 exd5 15. Bd3 Nd7 16. Re1 Bc5 17. Bf5 Bd4 18. Nf3 Bb6 19. e6 fxe6 20. Rxe6+ Kf8 21. Bf4 Bc5 22. Rae1 Nf6 23. R6e2 Bc8 24. Bxc8 Rxc8 25. Ng5 Bb4 26. Rc1 h6 27. Ne6+ Kf7 28. Nd4 c5 29. Nf5 Rc6 30. a3 Ba5 31. b4 Bb6 32. bxc5 Rxc5 33. Rb1 Rc6 34. Reb2 Nd7 35. Rb5 Rc2 36. Bg3 d4 37. Kf1 Bc5 38. Nxd4 Rc4 39. Nf3 Bxa3 40. Rb7 Ke7 41. Ne5 Ke6 42. Nxc4 Bc5 43. Rb8 Rxb8 44. Bxb8 Kf5 45. f3 g5 46. g4+ Kf6 47. Ke2 Kg6 48. Kd3 h5 49. h3 hxg4 50. hxg4 Bf2 51. Ke4 Bh4 52. Be5 Kf7 53. Kf5 Kg8 54. Bf6 1-0

[Event "HUN-chT2 Breyer 0506"]
[Site "Hungary"]
[Date "2005.11.27"]
[Round "4"]
[White "Horvath, Zoltan"]
[Black "Gergely, Mate"]
[Result "0-1"]
[WhiteElo "2339"]
[BlackElo "1951"]
[PlyCount "88"]
[EventDate "2005.10.16"]
[EventType "team"]
[EventRounds "11"]
[EventCountry "HUN"]
[SourceTitle "EXT 2009"]
[Source "ChessBase"]
[SourceDate "2008.11.26"]
[SourceVersion "1"]
[SourceVersionDate "2008.11.26"]
[SourceQuality "1"]
[WhiteTeam "Zoltek"]
[BlackTeam "Husi II"]
[WhiteTeamCountry "HUN"]
[BlackTeamCountry "HUN"]

1. e4 c5 2. Nf3 e6 3. d4 cxd4 4. Nxd4 Nc6 5. Bc4 Nf6 6. Nxc6 bxc6 7. Qe2 d5 8. exd5 cxd5 9. Bb5+ Bd7 10. 0-0 Bxb5 11. Qxb5+ Qd7 12. Nc3 Be7 13. Be3 a6 14. Qxd7+ Nxd7 15. a3 0-0 16. Rab1 Rfc8 17. Bd4 Rc4 18. Rfd1 Rac8 19. Rbc1 Kf8 20. f4 Bf6 21. Bxf6 Nxf6 22. g3 d4 23. Ne2 Rxc2 24. Rxc2 Rxc2 25. Nxd4 Rxb2 26. Nc6 Nd5 27. Rd3 Rc2 28. Nb8 a5 29. Nd7+ Ke7 30. Ne5 f6 31. Nf3 Rc3 32. Ne1 Rxd3 33. Nxd3 Kd6 34. Kf2 Nc3 35. Ke1 Nb5 36. a4 Nc3 37. Nb2 Kc5 38. Kd2 Kb4 39. Nd3+ Kc4 40. Nb2+ Kb3 41. Nd3 Nxa4 42. g4 Kc4 43. h4 Nc5 44. Nc1 Nb3+ 0-1

[Event "HUN-chT2 Breyer 0304"]
[Site "Hungary"]
[Date "2003.10.05"]
[Round "2"]
[White "Dudas, Eszter"]
[Black "Gergely, Mate"]
[Result "1-0"]
[WhiteElo "1855"]
[BlackElo "1948"]
[PlyCount "47"]
[EventDate "2003.09.28"]
[EventType "team"]
[EventRounds "11"]
[EventCountry "HUN"]
[SourceTitle "EXT 2009"]
[Source "ChessBase"]
[SourceDate "2008.11.26"]
[SourceVersion "1"]
[SourceVersionDate "2008.11.26"]
[SourceQuality "1"]
[WhiteTeam "MAV Elore"]
[BlackTeam "Husi II"]
[WhiteTeamCountry "HUN"]
[BlackTeamCountry "HUN"]

1. e4 c5 2. c4 Nc6 3. g3 Nf6 4. Bg2 e6 5. Nc3 a6 6. f4 d6 7. Nf3 g6 8. 0-0 Bg7 9. d4 cxd4 10. Nxd4 Qb6 11. Be3 Qxb2 12. Nxc6 Qxc3 13. Bd4 Qa3 14. Rf3 Qxf3 15. Bxf3 bxc6 16. Bxf6 Bxf6 17. e5 Bxe5 18. Bxc6+ Bd7 19. Bxd7+ Kxd7 20. fxe5 Rhd8 21. exd6 Rac8 22. Qd4 Re8 23. Rb1 e5 24. Rb7+ 1-0